The epitrichial layer of the epidermis and its relationship to ichthyosis congenita.

Saved in:
Bibliographic Details
Main Author: Bowen, John Templeton, 1857-1940.
Corporate Author: American Dermatological Association.
Format: Book
Language:English
Published: [n.p.] 1895.
Subjects:
Tags: Add Tag
No Tags, Be the first to tag this record!
LEADER 00749nam a2200253K 4500
001 006111495-2
005 20160409143222.0
008 951025s1895 xx 000 0 eng d
035 0 |a ocm77896209 
040 |a HMS  |c HMS 
060 0 0 |a W6  |b P3 v.7481 box 1133 no.13 
100 1 |a Bowen, John Templeton,  |d 1857-1940. 
245 1 4 |a The epitrichial layer of the epidermis and its relationship to ichthyosis congenita. 
260 |a [n.p.]  |c 1895. 
300 |a 7 p.  |c 8vo 
650 2 2 |a Epidermis  |x embryology. 
650 1 2 |a Ichthyosis. 
655 2 |a Lectures. 
690 9 |a Ichthyosis.  |5 med 
655 2 |a Lectures 
655 2 |a Lectures.  |0 https://id.nlm.nih.gov/mesh/D019531 
710 2 |a American Dermatological Association. 
988 |a 20020608 
906 |0 MH